000
00325pab a2200145 454500
008
180718b1998 xxu||||| |||| 00| 0 eng d
100
_a
Gupta, J.L.
245
_a
Jails in India: self-sustaining units
260
_c
1998
300
_a
p.10
362
_a
8 Jul
650
_a
Prisoners
773
_a
Tribune
909
_a
39479
999
_c
39479
_d
39479